00716nam a2200193 a 4500001001000000003000500010005001700015008004100032010001100073011001100084040000900095100002900104245020700133260003700340300001000377502009600387650002100483650001800504000107668CHAP20220329143939.0131003s2011 mx |rm |0|||||spa d a104130 a105102 cCHAP1 aBenavides Leyva, Yetzuri10aÍndice de concepción comparando la progesterona intravaginal contra un progestágeno subcutáneo en vacas de ordeña inseminadas a tiempo fijo en el trópico seco /cpor Yetzuri Benavides Leyva. aCocula, Gro. :bEl autor,c2011. a41 h. aTesis (Ing. Agrónomo Zootecnista) -- Colegio Superior Agropecuario del Estado de Guerrero14aGanado Holstein.14aProgesterona.